Statistics for Top 10 most populated cities in Morocco

Click here to take the quiz!

General Stats

  • This quiz has been taken 35 times
  • The average score is 6 of 10

Answer Stats

PopulationCities% Correct
3,145,000Casablanca
100%
1,656,000Rabat
97%
839,000Marrakesh
94%
965,000Fes
91%
688,000Tangier
91%
698,000Agadir
52%
546,000Meknes
36%
903,000Sale
33%
396,000Al Hoceima
9%
405,000Oujda Angad
6%

Score Distribution

Percentile by Number Answered

Percent of People with Each Score

Your Score History

You have not taken this quiz